LEADER 01473nam a2200361 a 4500 001 000000138373 003 CaOOAMICUS 005 20140513151810.0 008 140513s1996 it u000 u ita r 020 $a88-211-6950-2 040 $aPUL$bita 041 1 $aita$aara$hara 082 04$a297 100 1 $aScarabel, Angelo.$0(OLS)http://pul/name/89190 245 10$aPreghiera sui nomi pił belli :$bi novantanove nomi di Dio nella tradizione islamica /$cAngelo Scarabel. 260 $aGenova :$bMarietti,$c©1996. 300 $a154 p. ;$c18 cm 490 1 $aVoci della preghiera ;$v09 504 $aBibliografia in nota. 546 $aInclude testo arabo con traduzione. 650 4$aSufismo.$0(OLS)http://pul/subject/13367 650 4$aPreghiere$xIslamismo.$0(OLS)http://pul/subject/38264 830 0$aVoci della preghiera ;$v09.$0(OLS)http://pul/title/174485 850 $aPUL 852 $aPUL$W1$xDP2 Religione 3$y114$m297 SCAAN 1$j159585$qDDC 21$B159122$CPULBib$Z2$F159122 $H123896 $82 941 1 $a9 960 $aMistica islamica$913367 960 $aMistica islamica$913367 996 $6020$a88-211-6950-2 $9(OLS)http://pul/number/155216 996 $6082$a297$9(OLS)http://pul/classification/742 996 $6245$aPreghiera sui nomi pił belli :$bi novantanove nomi di Dio nella tradizione islamica$9(OLS)http://pul/title/175155 996 $6260$aGenova :$bMarietti$9(OLS)http://pul/publisher/48994 LEADER 01464nam a2200337 a 4500 001 000000159884 003 CaOOAMICUS 005 20170404115627.0 008 170404s2013 it u000 u ita r 020 $z978-88-8284-772-2* 032 $aLibriCat 040 $aPUL$bita 082 14$a306.85 100 1 $aIafrate, Raffaella.$0(OLS)http://pul/name/58786 245 00$aFigli dati al mondo : $beducare oggi in famiglia /$cRaffella Iafrate, Anna Bertoni . 260 $aRoma :$bA.V.E. ;$aRoma :$bFondazione Apostolicam Actuositatem,$c©2013. 300 $a139 p. ;$c20 cm. 490 1 $aEducare oggi ;$v07 504 $aContiene riferimenti bibliografici. 650 4$aPedagogia familiare.$0(OLS)http://pul/subject/38423 700 1 $aBertoni, Anna.$0(OLS)http://pul/name/102274 830 0$aEducare oggi ;$v07.$0(OLS)http://pul/title/184003 850 $aPUL 852 $aPUL$W1$xSL Diritto e Scienze Sociali 3$y79$m306. 85 LAFRA 1$j183466$qDDC 21$B186672$CPULBib$Z2$F186672 $H129301 $81 941 1 $a9 996 $6020$z978-88-8284-772-2*$9(OLS)http://pul/number/162343 996 $6082$a306.85$9(OLS)http://pul/classification/1842 996 $6245$aFigli dati al mondo : $beducare oggi in famiglia$9(OLS)http://pul/title/199513 996 $6260$aRoma :$bA.V.E.$9(OLS)http://pul/publisher/47979 996 $6260$aRoma :$bFondazione Apostolicam Actuositatem$9(OLS)http://pul/publisher/82578